En el espacio de la mediación (Record no. 179012)

MARC details
000 -LEADER
campo de control de longitud fija 01378nam a2200301 i 4500
001 - NÚMERO DE CONTROL
campo de control 179012
003 - IDENTIFICADOR DE NÚMERO DE CONTROL
campo de control ES-MaACL
005 - FECHA Y HORA DE LA ÚLTIMA TRANSACCIÓN
campo de control 20250815151603.0
008 - DATOS DE LONGITUD FIJA--INFORMACIÓN GENERAL
campo de control de longitud fija 110822s2008 sp |||| | spa d
020 ## - NÚMERO INTERNACIONAL ESTÁNDAR DEL LIBRO
Número Internacional Estándar del Libro 978-84-9750-912-1
080 ## - NÚMERO DE LA CLASIFICACIÓN DECIMAL UNIVERSAL
Número de la Clasificación Decimal Universal 821.134.2 Valente, José Ángel 1.07
100 1# - ENTRADA PRINCIPAL--NOMBRE DE PERSONA
Nombre de persona Benlabbah, Fatiha.
9 (RLIN) 147672
245 10 - MENCIÓN DEL TÍTULO
Título En el espacio de la mediación
Resto del título : José Ángel Valente y el discurso místico /
Mención de responsabilidad, etc. Fatiha Benlabbah ; [limiar = prólogo, Claudio Rodríguez Fer].
260 ## - PUBLICACIÓN, DISTRIBUCIÓN, ETC.
Lugar de publicación, distribución, etc. Santiago de Compostela :
Nombre del editor, distribuidor, etc. Universidade de Santiago de Compostela, Servizo de Publicacións e Intercambio Científico,
Fecha de publicación, distribución, etc. 2008.
300 ## - DESCRIPCIÓN FÍSICA
Extensión 489 p. ;
Dimensiones 22 cm.
490 1# - MENCIÓN DE SERIE
Mención de serie Publicaciones de la Cátedra José Ángel Valente de Poesía y Estética ;
Designación de volumen o secuencia 5
500 ## - NOTA GENERAL
Nota general Índice onomástico.
504 ## - NOTA DE BIBLIOGRAFÍA, ETC.
Nota de bibliografía, etc. Bibliografía: p. 443-473.
546 ## - NOTA DE IDIOMA
Nota de lengua/lenguaje Prólogo en gallego, español, francés y árabe.
546 ## - NOTA DE IDIOMA
Nota de lengua/lenguaje Texto en castellano.
600 17 - PUNTO DE ACCESO ADICIONAL DE MATERIA--NOMBRE DE PERSONA
Nombre de persona Valente, José Ángel,
Fechas asociadas al nombre 1929-2000-
Subdivisión general Crítica e interpretación
Fuente del encabezamiento o término
9 (RLIN) 144659
700 1# - ENTRADA AGREGADA--NOMBRE PERSONAL
Nombre de persona Rodríguez Fer, Claudio,
Fechas asociadas al nombre 1956-
9 (RLIN) 98513
710 2# - ENTRADA AGREGADA--NOMBRE DE ENTIDAD CORPORATIVA
Nombre de entidad corporativa o nombre de jurisdicción como elemento de entrada Universidad de Santiago de Compostela.
9 (RLIN) 7294
830 00 - PUNTO DE ACCESO ADICIONAL DE SERIE-TÍTULO UNIFORME
Título uniforme Publicaciones de la Cátedra José Ángel Valente de Poesía y Estética
Designación de volumen o secuencia 5
9 (RLIN) 224374
852 ## - LOCALIZACIÓN
Ubicación ES-MaACL
Número de control de estantería A-11398
itemnumber 185881
Sublocalización o colección R.144456
Ubicación en estantería Depósito 1
Signatura antigua Olim: N-4402
942 ## - ELEMENTOS DE ENTRADA SECUNDARIOS (KOHA)
Fuente del sistema de clasificación o colocación Clasificación decimal universal
Tipo de ítem Koha Libro impreso
Holdings
Estatus retirado Estado de pérdida Fuente del sistema de clasificación o colocación Estado de daño No para préstamo Biblioteca de origen Biblioteca actual Ubicación en estantería Fecha de adquisición Fuente de adquisición Total de préstamos Signatura topográfica completa Código de barras Visto por última vez Precio de reemplazo Tipo de ítem Koha
    Clasificación decimal universal     Biblioteca del Ateneo de Madrid Biblioteca del Ateneo de Madrid Depósito 1 22/08/2011 Compra   A-11398 1188041 23/02/2023 23/02/2023 Libro impreso